|
|
|
|
| LEADER |
00000nam0a2200000 4500 |
| 001 |
39819 |
| 005 |
20231101210600.0 |
| 035 |
|
|
|a (RuTPU)RU\TPU\book\40694
|
| 090 |
|
|
|a 39819
|
| 100 |
|
|
|a 20020412d1982 k y0rusy50 ca
|
| 101 |
0 |
|
|a rus
|
| 102 |
|
|
|a RU
|
| 105 |
|
|
|a a z 001zy
|
| 200 |
1 |
|
|a Вычислительные методы в прикладной математике
|f Под ред. Г. И. Марчук, Ж.-Л. Лионс
|
| 210 |
|
|
|a Новосибирск
|c Наука
|d 1982
|
| 215 |
|
|
|a 290 с.
|c ил.
|
| 300 |
|
|
|a Сборник содержит материалы симпозиума ( Париж, декабрь 1978).
|
| 320 |
|
|
|a Библиогр. в конце докладов.
|
| 610 |
1 |
|
|a прикладная математика
|
| 610 |
1 |
|
|a вычислительные методы
|
| 610 |
1 |
|
|a математическое моделирование
|
| 610 |
1 |
|
|a численное моделирование
|
| 610 |
1 |
|
|a математическая физика
|
| 610 |
1 |
|
|a оптимизация
|
| 610 |
1 |
|
|a оптимальное управление
|
| 610 |
1 |
|
|a решения
|
| 610 |
1 |
|
|a окружающая среда
|
| 610 |
1 |
|
|a медицина
|
| 610 |
1 |
|
|a вязкопластичность
|
| 610 |
1 |
|
|a турбулентность
|
| 610 |
1 |
|
|a перенос
|
| 610 |
1 |
|
|a краевые задачи
|
| 610 |
1 |
|
|a электрокардиология
|
| 610 |
1 |
|
|a симпозиумы
|
| 610 |
1 |
|
|a Париж
|
| 675 |
|
|
|a 519.6(063)
|v 3
|
| 702 |
|
1 |
|a Марчук
|b Г. И.
|c российский математик
|c физик
|c академик РАН
|f 1925-
|g Гурий Иванович
|2 stltpush
|3 (RuTPU)RU\TPU\pers\13341
|4 340
|9 3996
|
| 702 |
|
1 |
|a Лионс
|b Ж.-Л.
|4 340
|
| 801 |
|
1 |
|a RU
|b 63413507
|c 20020412
|g PSBO
|
| 801 |
|
2 |
|a RU
|b 63413507
|c 20160531
|g PSBO
|
| 942 |
|
|
|c BK
|